Sanat - "Nisse-polkka" - Statistics

Yleistilastot
  • Tätä visaa on pelattu 49 kertaa
  • Keskiarvotulos 122 / 205
Vastaustilastot
Vastaus % Oikein
On
97%
on
97%
ja
93%
joulu
83%
maas
80%
nyt
80%
helinää
77%
helskettä
77%
taas
77%
hupsis
73%
Hupsis
73%
KERTOSÄE
73%
massuja
73%
pienten
73%
puuroa
73%
tiukujen
73%
korvia
70%
nythän
70%
pimpeli
70%
pompeli
70%
pulleita
70%
se
70%
tassuja
70%
häntiä
67%
hiiri
67%
kai
67%
kaikki
67%
kissalle
67%
kun
67%
leikkiä
67%
nalle
67%
ompeli
67%
takkia
67%
tupsis
67%
vilisten
67%
jättäneet
63%
lyömään
63%
pupu
63%
rauha
63%
sen
63%
syömään
63%
takkia
63%
tähtöset
60%
tuikkivat
60%
vilinää
60%
hiirellä
57%
kaksikymmentäkuus
57%
lapsia
57%
metsän
57%
no
57%
pikkuväki
57%
joulun
53%
juhlii
53%
melskettä
53%
mukanansa
53%
piltit
53%
arvannet
50%
joukkohon
50%
joulupuuro
50%
kiulut
50%
nisset
50%
pienoiset
50%
piirissä
50%
saavit
50%
sekä
50%
tahtia
50%
täynnä
50%
tonttujen
50%
viettohon
50%
alle
47%
antaa
47%
jäädä
47%
kilpaa
47%
kiltit
47%
mirri
47%
pienet
47%
pupulan
47%
riihelle
47%
saapuneet
47%
saapuu
47%
suus
47%
vaarassa
47%
keittämä
43%
leikit
43%
loistaen
43%
Musti
43%
musti
43%
nasset
43%
pikkuinen
43%
pirri
43%
vain
43%
valmiina
43%
viulut
43%
juhlahan
40%
kulkunsa
40%
maistamaan
40%
piiloistansa
40%
pyörivät
40%
riihellä
40%
suuntaa
40%
huppeli
37%
jupsis
37%
käpälät
37%
kas
37%
lyhtyinä
37%
rupsis
37%
tassut
37%
ne
33%
noin
33%
oksilla
33%
saapuvat
33%
vääntelee
33%
varpusrouvat
33%
viiksiä
33%
ääntelee
30%
läävästä
30%
nallekin
30%
polkassa
30%
tanssihin
30%
valaisten
30%
hangelle
27%
Myös
27%
noussut
27%
puppeli
27%
nousevat
23%
peilaa
23%
polkua
23%
itseään
20%
tyytyväiset
20%
apinanlehti
17%
voisilmässä
17%
lyhdyt
3%
paikalle
3%
tähtien
3%
kutsuvat
0%
Ehtoja vastaavia visoja ei löytynyt
Tulosjakauma
Jokaisen tuloksen saaneiden osuus
Persentiili vastausten määrän mukaan
Tuloshistoriasi
Et ole pelannut tätä visaa